01503nam a2200289 a 4500001001000000005001700010008004100027041000800068044000700076084002200083100003500105245007900140260001900219300002600238500004300264500034700307500004300654500002800697500012100725506009200846546005200938600003500990651008101025700003101106700003801137700003801175BRCA_492820190320204849.0211010s1823----mx-######v---#000-0#spa-# aspa amx aDOC32b.V53c18231 aVictoria, Guadaluped1786-184310aDocumento firmado por Guadalupe VictoriacGuadalupe Victoria ... [et al.]. aMéxicoc1823 a[4] fojasc30 x 21 cm aDocumento firmado el 8 de mayo de 1823 aDocumento de Guadalupe Victoria dirigida a Lucas Alamán, Secretario de Relaciones Exteriores. En ella le da cuenta de los preparativos que conto con Bravo han efectuado para el embarque de Don Agustín de Iturbide y le remite original de la contrata firmada con el capitán de la Fragata que debía llevarlo a Italia. Fechada en Veracruz aEl documento tiene la leyenda DOC. #41 aPapel con marca de agua aEstado de conservación: Contiene laguna en la esquina inferior derecha en ambas fojas y anotaciones con tinta roja0 aFondo reservado: para su consulta es necesario credencial de usuario y carta de motivos aTexto en: español de principios del siglo XIX14aVictoria, Guadaluped1786-1843 4aMéxicovManuscritoxHistoriayPrimeros gobiernos independientes, 1821-18241 aAlamán, Lucasd1792-18531 aBravo Rueda, Nicolásd1786-18541 aIturbide, Agustín ded1783-1824